| 000 | 00646nam a2200205Ia 4500 | ||
|---|---|---|---|
| 003 | GCL | ||
| 005 | 20240530104506.0 | ||
| 008 | 140319s9999 xx 000 0 ara d | ||
| 040 |
_aGCL / _cGCL |
||
| 082 | 0 | 4 |
_a956.91 _bا ق |
| 100 | 1 | _aاحمد كامل شعث | |
| 245 | 1 | 2 |
_aالقدس الجريح : محور الصراع العربى / _cاحمد كامل شعث |
| 300 | _a318 ص | ||
| 490 |
_aالهيئة العامة للاستعلامات _v0 |
||
| 650 | 0 | 4 | _aالنزاع العربى الاسرائيلى |
| 650 | 0 | 4 | _aالقدس |
| 650 | 0 | 4 | _aفتح بيت المقدس |
| 650 | 0 | 4 | _aالقدس - تاريخ |
| 942 |
_2ddc _cBK |
||
| 999 |
_c48098 _d48098 |
||